| 000 | 00968cam a22003015i 4500 | ||
|---|---|---|---|
| 999 |
_c28313 _d28284 |
||
| 001 | 011092221 | ||
| 003 | EG-ScBUE | ||
| 005 | 20200309135402.0 | ||
| 008 | 011220s2001 enka f b 001 0 eng d | ||
| 020 | _a1861523181 (pbk.) | ||
| 020 | _a9781861523181 | ||
| 040 |
_aUk _beng _erda _cUk _dEG-ScBUE |
||
| 082 | 0 | 4 |
_a658.421019 _bCHE _222 |
| 100 | 1 |
_aChell, Elizabeth, _eauthor. |
|
| 245 | 1 | 0 |
_aEntrepreneurship : _bglobalization, innovation and development / _cElizabeth Chell. |
| 250 | _aFirst edition. | ||
| 264 | 1 |
_aLondon : _bThomson Learning, _c2001. |
|
| 300 |
_axxii, 401 pages : _billustrations ; _c25 cm |
||
| 336 |
_atext _btxt _2rdacontent |
||
| 337 |
_aunmediated _bn _2rdamedia |
||
| 338 |
_avolume _bnc _2rdacarrier |
||
| 504 | _aIncludes bibliographical references and index. | ||
| 650 | 7 |
_aEntrepreneurship. _2BUEsh |
|
| 650 | 7 |
_aInternational business enterprises. _2BUEsh |
|
| 653 |
_bBUSADM _cMarch2020 |
||
| 942 |
_2ddc _cBB |
||